| 000 | 01076nam0a2200301 4500 | ||
|---|---|---|---|
| 001 | RU\NLR\BIBL_A\010942416 | ||
| 005 | 20250624202853.0 | ||
| 010 |
_a978-5-227-06338-0 _92000 |
||
| 021 |
_aRU _b2015-94180 _95824 |
||
| 035 | _a(NILC)RuMoRGB-008089175 | ||
| 035 | _a(NLR Aleph) 010942416 | ||
| 090 |
_a10756382 _c10756382 |
||
| 100 | _a20151221d2015 |||y0rusy50 ca | ||
| 101 | 0 | _arus | |
| 102 | _aRU | ||
| 105 | _ay|||z||||||y| | ||
| 200 | 1 |
_aЛечебные масла _eамарантовое, льняное, облепиховое, кунжутное… _fЮрий Константинов |
|
| 210 |
_aМосква _cЦентрполиграф _d2015 |
||
| 215 |
_a158, [1] с. _d17 |
||
| 225 | 1 | _aКарманный целитель | |
| 606 | 1 |
_aРастительные масла _xЛечебное применение _92624510 _3RU\NLR\AUTH\661561070 |
|
| 686 | 1 | _aР123.841-0 | |
| 700 | 1 |
_aКонстантинов _bЮ. _gЮрий |
|
| 801 | 0 |
_aRU _bРГБ _c20151208 _gRCR |
|
| 942 | _cBOOK | ||
| 980 | _aNB | ||